Govt. of
Madhya Pradesh

जीव विज्ञान मूल आधार सूत्र एवं सिद्धांत (Record no. 63053)

MARC details
000 -LEADER
fixed length control field 00375nam a22000977a 4500
100 ## - MAIN ENTRY--AUTHOR NAME
Personal name शुक्‍ला,राहुल
245 ## - TITLE STATEMENT
Title जीव विज्ञान मूल आधार सूत्र एवं सिद्धांत
260 ## - PUBLICATION, DISTRIBUTION, ETC. (IMPRINT)
Place of publication मेरठ
Name of publisher Guider Compatitive Group
Year of publication 2020
650 ## - SUBJECT ADDED ENTRY--TOPICAL TERM
Topical Term जीव विज्ञान
942 ## - ADDED ENTRY ELEMENTS (KOHA)
Koha item type Sanskrit
Holdings
Withdrawn status Lost status Damaged status Not for loan Home library Current library Date acquired Cost, normal purchase price Full call number Accession Number Price effective from Koha item type
        MACL MACL 01/09/2020 25.00 500 GCLC00689 01/09/2020 Hindi Books
        MACL MACL 01/09/2020 25.00 500 GCLC00686 01/09/2020 Hindi Books
        MACL MACL 01/09/2020 25.00 500 GCLC00687 01/09/2020 Hindi Books
        MACL MACL 01/09/2020 25.00 500 GCLC00688 01/09/2020 Hindi Books
        MACL MACL 01/09/2020 25.00 500 GCLC00690 01/09/2020 Hindi Books